000 01663nam a2200349 a 4500
001 ebr10443271
003 CaPaEBR
006 m u
007 cr cn|||||||||
008 110215s2010 dcu sb 100 0 eng d
020 _z9780309155687
020 _z0309155681
040 _aCaPaEBR
_cCaPaEBR
035 _a(OCoLC)709770656
043 _an-us---
050 1 4 _aUB251.U6
_bS96 2010eb
111 2 _aSymposium on Avoiding Technology Surprise for Tomorrow's Warfighter
_d(2010)
245 1 0 _aAvoiding Technology Surprise for Tomorrow's Warfighter
_h[electronic resource] :
_bsymposium 2010 /
_cCommitte for the Symposium on Avoiding Technology Surprise for Tomorrow's Warfighter, Division on Engineering and Physical Sciences ; National Research Council.
260 _aWashington, D.C. :
_bNational Academies Press,
_c2010.
300 _axiv, 48 p.
504 _aIncludes bibliographical references.
533 _aElectronic reproduction.
_bPalo Alto, Calif. :
_cebrary,
_d2011.
_nAvailable via World Wide Web.
_nAccess may be limited to ebrary affiliated libraries.
650 0 _aMilitary intelligence
_zUnited States
_vCongresses.
650 0 _aTechnology assessment
_zUnited States
_vCongresses.
650 0 _aMilitary research
_zUnited States
_vCongresses.
650 0 _aCombat survivability (Military engineering)
_vCongresses.
650 0 _aNational security
_zUnited States
_vCongresses.
655 7 _aElectronic books.
_2local
710 2 _aNational Research Council (U.S.)
710 2 _aebrary, Inc.
856 4 0 _uhttp://site.ebrary.com/lib/rucke/Doc?id=10443271
_zAn electronic book accessible through the World Wide Web; click to view
999 _c135681
_d135681